000 00391nam a22001697a 4500
003 MPLRDC
005 20220104114510.0
008 210129b ||||| |||| 00| 0 eng d
082 _a857.452 GY
100 _a不详
245 _a西汉演义
_c
260 _a
_b广益书局
_c
300 _b
490 _a中国古典文学名著
650 _a历史小说
942 _cBK
_o857.452 GY
999 _c7940
_d7930